| 000 -LEADER |
| fixed length control field |
00682cam a2200217 i 4500 |
| 001 - CONTROL NUMBER |
| control field |
18966823 |
| 005 - DATE AND TIME OF LATEST TRANSACTION |
| control field |
20220928153023.0 |
| 008 - FIXED-LENGTH DATA ELEMENTS--GENERAL INFORMATION |
| fixed length control field |
160208s2016 nyu 000 0 eng |
| 020 ## - INTERNATIONAL STANDARD BOOK NUMBER |
| International Standard Book Number |
9781259587542 |
| 041 ## - LANGUAGE CODE |
| Language code of text/sound track or separate title |
eng |
| 080 ## - UNIVERSAL DECIMAL CLASSIFICATION NUMBER |
| Universal Decimal Classification number |
621.38 S-31 |
| 100 1# - MAIN ENTRY--PERSONAL NAME |
| Personal name |
Scherz, Paul |
| 9 (RLIN) |
8457 |
| 245 10 - TITLE STATEMENT |
| Title |
Practical electronics for inventors / |
| Statement of responsibility, etc. |
Paul Scherz, Simon Monk. |
| 250 ## - EDITION STATEMENT |
| Edition statement |
Fourth Edition. |
| 264 #1 - PRODUCTION, PUBLICATION, DISTRIBUTION, MANUFACTURE, AND COPYRIGHT NOTICE |
| Place of production, publication, distribution, manufacture |
New York : |
| Name of producer, publisher, distributor, manufacturer |
McGraw-Hill Education, |
| Date of production, publication, distribution, manufacture, or copyright notice |
2016. |
| 300 ## - PHYSICAL DESCRIPTION |
| Extent |
1027 pages ; |
| Dimensions |
28 cm. |
| 653 ## - INDEX TERM--UNCONTROLLED |
| keyword |
პრაქტიკული ელექტრონიკა |
| 653 ## - INDEX TERM--UNCONTROLLED |
| keyword |
ელექტრობა |
| 700 1# - ADDED ENTRY--PERSONAL NAME |
| Personal name |
Monk, Simon. |
| Relator term |
ავტორი |
| 9 (RLIN) |
8459 |
| 942 ## - ADDED ENTRY ELEMENTS (KOHA) |
| Source of classification or shelving scheme |
|
| Koha item type |
წიგნი |